000 00207nam a2200085Ia 4500
008 120527s9999 xx 000 0 und d
100 _aNELSON,H.Robert.
245 _aReaching for heaven opn earth.
942 _cBK
999 _c23976
_d23976